000 01964cam a2200373 a 4500
001 15412644
003 OSt
005 20251205113932.0
008 080814s2009 ilu b 001 0 eng
010 _a 2008035821
020 _a9781433503184
_qtpb
020 _a1433503182
_qtpb
035 _a15412644
035 _a(OCoLC)244246623
040 _aDLC
_cDLC
_dYDX
_dCVN
_dYDXCP
_dDTM
_dDLC
050 0 0 _aBS2545.E82
_bB38 2009
082 0 0 _a269/.2
_222
100 1 _aBarrs, Jerram.
245 1 0 _aLearning evangelism from Jesus /
_cJerram Barrs.
260 _aWheaton, Ill. :
_bCrossway Books,
_cc2009.
300 _a283 p. ;
_c22 cm.
336 _atext
_btxt
_2rdacontent
337 _aunmediated
_bn
_2rdamedia
338 _avolume
_bnc
_2rdacarrier
504 _aIncludes bibliographical references (p. 269-271) and indexes.
505 0 _aThe Christian's calling to the world -- Caught in the act -- The woman of Samaria -- Jesus and the Bible teacher -- A wealthy young leader of the church -- An unusual dinner invitation -- The lost sheep and the lost coin : parables for a mixed gathering -- The two lost sons : the good, the bad, and the ugly -- The "sinful woman" and the "righteous man" -- Revealing the Pharisee's heart -- Religious and moral traditionalists : the problem of rules and traditions -- Faith among the Canaanites -- The faith of the centurion : an officer and a gentleman -- A night visitor -- The shrewd manager : money, money, money -- Not the most comfortable guest!
600 0 0 _aJesus Christ
_xExample.
630 0 0 _aBible.
_pNew Testament
_xCriticism, interpretation, etc.
650 0 _aEvangelistic work
_xBiblical teaching.
906 _a7
_bcbc
_corignew
_d1
_eecip
_f20
_gy-gencatlg
942 _2lcc
_cBK
999 _c20917
_d20916